| 000 | 00433cam a22001694a 4500 | ||
|---|---|---|---|
| 005 | 20250605164255.0 | ||
| 008 | 250528s ||||||||||||||||||||||||d | ||
| 035 | _a21910 | ||
| 040 |
_aGR-AtMCL _bgre _dGR-AtMCL _eAACR2 |
||
| 245 | 1 | _aSELECTED WORKS OF SOVIET ARTISTS | |
| 250 | _a1 | ||
| 260 |
_bSovetsky Khudozhnik Publishers, _c1987 |
||
| 700 | 1 |
_aAkhvlediani E. _97792 |
|
| 942 | _cBK | ||
| 999 |
_c6967 _d6967 |
||